| 000 | 01067cab a2200265 4500 | ||
|---|---|---|---|
| 001 | ABS47541 | ||
| 008 | 090401t1992 xxu||||| |||| 00| 0 eng d | ||
| 035 | _a(Sirsi) u62440 | ||
| 041 | _aeng | ||
| 100 | _aOwen, N. | ||
| 245 | _aValuations: value or value for money? | ||
| 260 | _c1992 | ||
| 350 | _a0 | ||
| 490 |
_aEstates Gazette _v99245) 14 November 1992, 138-142(2) |
||
| 520 | _aAsks whether valuations based on the principle of open market value as laid down in RICS guidelines reflect the true value to investors in the light of, "Mount Banking Corporation v Brian Cooper & Co" 1992 a decision which widens the permissible margin of disagreement or error in valuation from 10% on either side of the correct figure. | ||
| 650 | _aINVESTMENT | ||
| 650 | _aMARGIN OF DISAGREEMENT | ||
| 650 | _aMOUNT BANKING CORPORATION V BRIAN COOPER & CO | ||
| 650 | _aOPEN MARKET VALUE | ||
| 650 | _aRESIDENTIAL VALUATION | ||
| 650 | _aSINGER AND FRIEDLANDER LTD V JOHN D WOOD AND CO | ||
| 690 | _aRATING AND VALUATION | ||
| 942 | _n0 | ||
| 948 | _c04/03/1997 | ||
| 999 |
_c38800 _d38800 |
||